| 000 | 01033nam a22002777a 4500 | ||
|---|---|---|---|
| 003 | dpl | ||
| 005 | 20180711124226.0 | ||
| 008 | 180711b xxu||||| |||| 00| 0 eng d | ||
| 010 | _aA-575547 | ||
| 020 | _c75.00 | ||
| 035 | _aA-575547, A-575552 | ||
| 037 | _bCen Lib/Ret | ||
| 040 |
_aDPL _bHN _c0 |
||
| 082 |
_aउ _bशुक्लसु |
||
| 100 |
_aशुक्ल, सुरेश प्रकाश _943924 |
||
| 245 |
_aघनी बगिया / _cसुरेश प्रकाश शुक्ल |
||
| 246 |
_aGhani bagiya / _bby Suresh Prakash Shukla |
||
| 260 |
_aनयी दिल्ली _bअयन प्रकाशन _c1991 |
||
| 270 |
_bनयी दिल्ली _a1/20, महरौली _e110030 |
||
| 300 |
_a201पृ. _c17सेमी(सजिल्द) |
||
| 650 |
_aहिन्दी साहित्य _962229 |
||
| 650 |
_aउपन्यास _962230 |
||
| 650 |
_aHindi literature _962231 |
||
| 650 |
_aFiction _98901 |
||
| 942 |
_2ddc _cHN _hउ _mशुक्लसु |
||
| 999 |
_c115606 _d115606 |
||